000 00529nam a2200193 4500
003 OSt
005 20260601193909.0
008 260521b |||||||| |||| 00| 0 spa d
040 _aICI
_bspa
_cICI
_erda
050 _aNC997
_b.C68
100 _eautor
_aCovarrubias, Felipe
_934791
245 _aMagenta:
_bRevista de diseño / Design review
264 _aMéxico
_bCovarrubias
_c1987
300 _a48 paginas
336 _2rdacontent
_atexto
337 _2rdamedia
_asin medio
338 _2rdacarrier
_avolumen
942 _2lcc
_n1
_cB
999 _c22503
_d22503